Normal view
MARC view
Entry Geographic Name
001 - CONTROL NUMBER
- control field: 35542
003 - CONTROL NUMBER IDENTIFIER
- control field: ARRUPE
005 - DATE AND TIME OF LATEST TRANSACTION
- control field: 20170904111522.0
008 - FIXED-LENGTH DATA ELEMENTS
- fixed length control field: 170904|| aca||aabn | a|a d
040 ## - CATALOGING SOURCE
- Original cataloging agency: ARRUPE
- Transcribing agency: ARRUPE
151 ## - HEADING--GEOGRAPHIC NAME
- Geographic name: Africa
- General subdivision: Description and travel.
- Chronological subdivision: 1951-
670 ## - SOURCE DATA FOUND
- Source citation: Work cat.: (ARRUPE)0: Franck, Frederick, 1909-2006. 35540, African sketchbook;, 1961